000 00823nam a2200205 i 4500
001 158172
003 ES-MaACL
005 20230906211036.0
008 960320s1849 sp |||| | spa d
100 1 _aLozano y Blasco, Saturnino.
_9129110
245 1 0 _aGramática griega /
_cpor Saturnino Lozano y Blasco.
260 _aMadrid :
_b[s.n.],
_c1849 (
_fTip. Greco-latina)
300 _aXIII, 420 p., [3] h. pleg. ;
_c23 cm.
530 _aDisponible en formato digital.
594 _aTexto en español y ejemplos en griego.
650 0 4 _aLengua griega-
_xGramática.
_914245
752 _aEspaña -
_dMadrid
852 _aES-MaACL
_jB-1382
_z- Enc. pasta española
_z. - Legado de Gustavo Sáenz Díez
856 _uhttps://bvpb.mcu.es/es/consulta/registro.do?id=417815
_zBiblioteca Virtual del Patrimonio Bibliográfico
999 _c158172
_d158172